00581nam a2200133 a 4500008004100000050002200041100002300063245018600086260003900272300003500311650003400346650004100380650002600421220224s2019 ||||||||||||||||| || u aCBU-PG THESIS/CHA aChanda E. C. Evans12aA study of the effects of Demographics on Customer adoption and Customer Satisfaction of E-Banking among Clients of Commercial Banks in Chililabombwe DistrictcBy Evans E. C. Chanda aKitwebCopperbelt Universityc2019 axiii, 94 pages : illustrations aCUSTOMER SATISFACTION - BANKS aE - BANKING - CHILILABOMBWE DISTRICT aCUSTOMER SATISFACTION